00927nam a2200241 a 4500001001000000003000500010005001700015008004100032010001100073011001100084040000900095100002500104245013500129260004400264500006000308502009800368650002300466650004400489650004000533650002600573856001600599856007000615000112507CHAP20220329144309.0160607s2016 mx sm |||||||spa d a108968 a109940 cCHAP1 aArellano Ruiz, Rafel10aHuella hídrica azul del frijol (Phaseolus vulgarís L.) en el Centro Norte de Méxicoh[En línea]cpor Rafael Arellano Ruiz. aBermejillo, Durango :bEl autor,c2016. aPara ver el contenido del material haga clic en la liga aTesis (Ing. en Sistemas Agricolas) -- UACH. Unidad Regional Universitaría de Zonas Áridas14aAgua subterránea14aDistrito de Desarrollo Rural Chihuahua.14aDistrito de Riego Comarca Lagunera.14aFrijolxIrrigación. a1 n0000488 aFinding aiduhttp://10.13.5.2/tesis/sist112507.pdfzTeclea aquí